| 000 | | | 04584nmc2a2200000 x 450 |
| 001 | | | 4869c7dc-9f44-482b-85d8-52bd993a3b66 |
| 005 | | | 20151215112347.0 |
| 100 | ## | $a | 20150819l18301840k l0rusy0189 ca |
| 101 | 0# | $a | rus |
| 102 | ## | $a | RU |
| 200 | 1# | $a | Дело о назначении на низшие военно-медицинские должности за неуспеваемость воспитанников медицинского института Г. Богословского, Н. Доброхотова, И. Гиппе |
| | $j | 19 июля - 10 сентября 1830 г.; 21 марта 1840 г. |
| 251 | ## | $c | Дело |
| 300 | ## | $a | Дело |
| 300 | ## | $a | Ориг. заголовок дела: Дело по представлению попечителя Мосовского учебного округа об обращении воспитанников медицинского института Богословского, Доброхотова и Гиппе, за неспособность к наукам, в низшие военно-медицинские звания, а Базилевского, по болезненному состоянию оказавшегося не способным к военно-медицинской службе, уволить на собственное содержание. 19 июля 1830 г. - 10 сентября 1830 г.; 21 марта 1840 г |
| 801 | #0 | $a | RU |
| | $b | РГИА |
| | $c | 20150819 |
| | $g | RCR |
| 801 | #1 | $a | RU |
| | $b | ГлавНИВЦ |
| | $c | 20150819 |
| | $2 | rusmarc |
| 801 | #2 | $a | RU |
| | $b | ПБ им. Б.Н. Ельцина |
| | $c | 20151215 |
| | $g | RCR |
| | $2 | rusmarc |
| 850 | ## | $a | РГИА |
| 852 | ## | $a | РГИА |
| | $e | Федеральное казенное учреждение "Российский государственный исторический архив" (РГИА) |
| | $j | 235 |
| 937 | ## | $h | РГИА |
| | $d | 12091314 |
| | $a | ASBIBLIO_SCAN |
| 462 | #0 | $1 | 00110dcdccd-ec79-4ee8-a204-b9d031b41c04 |
| | $1 | 2001 |
| | $a | Медицинские дела Департамента народного просвещения |
| | $1 | 251 |
| | $c | Опись |
| | $1 | 852 |
| | $j | 99 |
| 461 | #0 | $1 | 001a74412a3-3cc5-4d21-8f0a-dfe2fbd9e72d |
| | $1 | 2001 |
| | $a | Департамент народного просвещения Министерства народного просвещения |
| | $1 | 251 |
| | $c | Фонд |
| | $1 | 852 |
| | $j | 733 |
| 215 | ## | $a | 17 л. |
| | $d | 36,5х26 см |
| 371 | ## | $a | Документ не является опубликованным и широко распространяемым |
| 105 | ## | $a | y### |
| 122 | 1# | $a | d |
| 517 | 1# | $a | Дело по представлению попечителя Мосовского учебного округа об обращении воспитанников медицинского института Богословского, Доброхотова и Гиппе, за неспособность к наукам, в низшие военно-медицинские звания, а Базилевского, по болезненному состоянию оказавшегося не способным к военно-медицинской службе, уволить на собственное содержание. 19 июля 1830 г. - 10 сентября 1830 г.; 21 марта 1840 г |
| 035 | ## | $a | 4869c7dc-9f44-482b-85d8-52bd993a3b66 |